| 000 | 00599nam a22001932 4500 | ||
|---|---|---|---|
| 001 | 0000011934 | ||
| 005 | 20151217155848.0 | ||
| 008 | 090121s xx 000 0 eng d | ||
| 040 |
_aKABU _cKABU |
||
| 100 | 1 |
_aBrode, H. _@0000168004 |
|
| 245 | 1 | 0 |
_aBritish and German East Africa : _btheir economic and commercial relations / _cH. Brode. |
| 250 | _a1st ed. | ||
| 260 |
_aLondon : _bE. Arnold, _c1911. |
||
| 300 | _axiv, 173 p. | ||
| 651 | 0 |
_aAfrica, East _xEconomic conditions. _@0000149950 |
|
| 852 | 1 | _9p500 KES | |
| 908 | _a090121 | ||
| 950 | _@1 | ||
| 999 |
_c13425 _d13425 |
||